| 000 | 00660nam a2200181 i 4500 | ||
|---|---|---|---|
| 001 | 182267 | ||
| 003 | ES-MaACL | ||
| 005 | 20250915063104.0 | ||
| 008 | 130729s1993 sp |||| | spa d | ||
| 100 | 1 |
_aMartínez Val, José María, _d1916- _978455 |
|
| 245 | 1 | 0 |
_aFranco y la reconstrucción del estado / _cJ. M. Martínez Val. |
| 260 |
_a[Madrid] : _bRazón Española, _c1993. |
||
| 300 |
_aP. [309]-323 ; _c21 cm. |
||
| 595 | _aSeparata de la revista "Razón Española", nº 59, mayo-junio 1993. | ||
| 651 | 4 |
_aEspaña- _xHistoria- _y1939-1975, Dictadura. _9167928 |
|
| 852 |
_aES-MaACL _j2316-F-15 _z.- Ded. manuscrita del autor |
||
| 999 |
_c182267 _d182267 |
||